00937nam a2200241 i 4500001001000000003000900010005001700019007000300036008004100039040003000080082002900110245007100139264008700210300004500297336002700342337003500369338002900404500006300433504002700496651004800523651004800571710007600619000025701DO-SdBNP20240112133310.0ta110221s1992 dr 000 0 spa d aDO-SdBNPbspacBNPHUerda 4a327.729307294bA977r22200aAyiti, República Dominicana :ben el lumbral de los años 90 / aPuerto-Principe, Haití :bCentro de Investigación y Promoción Social,c1992. a159 páginas :bilustraciones ;c22 cm. 2rdacontentatextobtxt 2rdamedia asin mediación bn 2rdacarrier avolumenbnc aPublicado originalmente en francés por CRESDIP en 1990.  aBibliografía: p. 159 4aHaitíxRelacioneszRepública Dominicana 4aRepública DominicanaxRelacioneszHaití2 aCentro de Investigación y Promoción Social (República Dominicana)